QUEST Central Library Banner

منصب حکومت اور مسلمان عورت (Record no. 65142)

MARC details
000 -LEADER
fixed length control field 00265nam a22001097a 4500
082 ## - DEWEY DECIMAL CLASSIFICATION NUMBER
Classification number 297.396ر ف ی
100 ## - MAIN ENTRY--AUTHOR NAME
Personal name رفیع اللہ شہاب
245 ## - TITLE STATEMENT
Title منصب حکومت اور مسلمان عورت
260 ## - PUBLICATION, DISTRIBUTION, ETC. (IMPRINT)
Place of publication لاہور
300 ## - PHYSICAL DESCRIPTION
Number of Pages ۲۶۴
942 ## - ADDED ENTRY ELEMENTS (KOHA)
Koha item type Books
Holdings
Withdrawn status Lost status Home library Current library Date acquired Full call number Accession Number Koha item type
    Central Library, QUEST, Nawabshah Central Library, QUEST, Nawabshah 08/07/2019 297.396ر ف ی R15682 Books

Copyright © 2018,The QUEST, Nawabshah, Shaheed Benazirabad. All rights reserved
Mr. G. Farooq Channar (Librarian) QUEST, Nawabshah, Sindh, Pakistan 67480.
 Ph#: |   0244-9370381-4 Ext. 2308   Email| lib@quest.edu.pk   Web|  http://www.quest.edu.pk